[Event "Minsk Bronstein 100 Memorial op"]
[Site "Minsk"]
[Date "2024.02.17"]
[Round "2"]
[White "Narchuk, Sergej"]
[Black "Tsaruk, Maksim"]
[Result "0-1"]
[WhiteElo "1446"]
[BlackElo "2480"]
[PlyCount "78"]
[EventDate "2024.02.17"]
[EventType "swiss"]
[EventRounds "10"]
[EventCountry "BLR"]
[SourceTitle "CB08_2024"]
[SourceDate "2024.02.21"]
[SourceVersion "1"]
[SourceVersionDate "2024.02.21"]
[SourceQuality "1"]

1. d4 Nf6 2. c4 e6 3. Nc3 Bb4 4. e3 c6 5. Nf3 0-0 6. Bd3 d5 7. 0-0 Nbd7 8. cxd5 exd5 9. Bd2 a5 10. Ne5 Nxe5 11. dxe5 Ng4 12. h3 Nxe5 13. Bxh7+ Kxh7 14. Qh5+ Kg8 15. Qxe5 Re8 16. Qh5 Qf6 17. Rae1 Bf5 18. a3 Bd6 19. Ne2 Bg6 20. Qg4 Re4 21. f4 Bc5 22. Ng3 Qxb2 23. Nxe4 Bxe4 24. Bc1 Qc3 25. f5 f6 26. Qf4 Bxa3 27. Bxa3 Qxa3 28. Qc7 Qb4 29. Rc1 a4 30. Rf4 Re8 31. Rg4 Qe7 32. Qg3 a3 33. Rf1 a2 34. h4 Ra8 35. h5 a1R 36. h6 Rxf1+ 37. Kh2 Qe5 38. Rxg7+ Kh8 39. Qxe5 fxe5 0-1